000 00263nam a2200121Ia 4500
008 190216s9999||||xx |||||||||||||| ||und||
100 _aPeter F Drucker
245 0 _aManagement Cases
260 _bNull
_c1977
300 _a179p
650 _aCommerce
942 _cBK
999 _c4302
_d4302